Implementación de herramientas de manejo del paisaje con los productores locales e integración de actividades de seguimiento al desarrollo agroecológico llevado a cabo en la zona del DMI, para consolidar un proceso integral que favorezca la producción y conservación del área de SPBANMA (Registro nro. 7523)

Detalles MARC
000 -CABECERA
Campo de control 01261nam a22001817a 4500
005 - FECHA Y HORA DE LA ULTIMA TRANSACCION
Campo de control 20150113150852.0
008 - ELEMENTOS DE LONGITUD FIJA—INFORMACION GENERAL
Campo de control 130808b2011 ck ||||| |||| 00| 0 spa d
040 ## - FUENTE DE CATALOGACIÓN
Agencia catalogadora original CO-BoIAVH
Agencia transcriptora CO-BoIAVH
041 ## - IDIOMA
Código de idioma para texto/pista de sonido o título separado Español
044 ## - PAÍS DE PUBLICACIÓN
País de publicación Colombia
090 ## - CLASIFICACIÓN LOCAL
Colección IAVH
Consecutivo 01407
245 10 - MENCION DE TITULO
Título Implementación de herramientas de manejo del paisaje con los productores locales e integración de actividades de seguimiento al desarrollo agroecológico llevado a cabo en la zona del DMI, para consolidar un proceso integral que favorezca la producción y conservación del área de SPBANMA
260 ## - PUBLICACION, DISTRIBUCION, ETC. (PIE DE IMPRENTA)
Lugar de publicación, distribución, etc. Medellín
Nombre del editor, distribuidor, etc. Instituto de Investigación de Recursos Biológicos Alexander von Humboldt
-- Asociación Red Colombiana de Agricultura Biológica
Fecha de publicación, distribución, etc. 2011
300 ## - DESCRIPCION FISICA
Extensión 360 p.
504 ## - NOTA DE BIBLIOGRAFIA, ETC.
Nota de bibliografía Informe final de la implementación de herramientas del manejo del paisaje (Parte 1 de p. 1 - 48) .<br/><br/>Informe final del proceso de capacitación en formación ciudadana y restauración ecológica (Parte 2 de p. 1 - 151)
520 ## - NOTA DE RESUMEN, ETC.
Nota de resumen Este documento recoge un informe de las actividades realizadas en el componente de aplicación de herramientas de manejo de paisaje llevadas a cabo durante 7 meses en los municipios de Belmira, Entrerrios, San José de la Montaña y Sabanalarga.
942 ## - ELEMENTOS ADICIONALES (KOHA)
Sistema de clasificación Local
Tipo de ítem Informe Técnico
Existencias
Withdrawn status Lost status Sistema de Clasificación Damaged status No para préstamo Colección Inventariado Ubicación Permanente Ubicación actual Fecha de adquisición Total Checkouts Número topográfico Inventario / Código de Barras Date last seen Ejemplar Price effective from Forma de adquisición Tipo de material
    Local     Humboldt Inventariado 2017 Bogotá Bogotá 08/08/2013   IAVH-01407 028605 09/08/2024 Ej. 1 08/08/2013   Informe Técnico